000 00911cam a2200277 a 4500
001 000005274
005 20200929151628.0
008 980623s1998 sp a b 001 1 spa
010 _a98163282
020 _a8437616107
040 _aDO-SdBNP
_cDLC
_dDLC
082 _a863.6
_bP438óm
100 1 _aPérez de Ayala, Ramón,
_d1880-1962
_915031
245 1 3 _aEl ombligo del mundo /
_cRamón Pérez de Ayala ; edición de Ángeles Prado.
260 _aMadrid :
_bCátedra,
_c1998.
300 _a323 p. :
_bil. ;
_c18 cm.
440 0 _aLetras hispánicas ;
_v442
_94208
504 _aIncluye referencias bibliográficas y notas al pie de las páginas
650 4 _aNovela española
_91123
650 4 _aLiteratura española
_9632
600 1 4 _aPÉREZ DE AYALA, RAMÓN,
_d1880-1962
_915032
700 1 _aPrado, Ángeles,
_eed.
_915033
910 _aCatalogación por copia / LC
910 _aWM
049 _aBNGR
999 _c5075
_d5075